La ronda Uruguay sobre negociaciones comerciales multilaterales
Պահպանված է:
| Հիմնական հեղինակ: | |
|---|---|
| Ձևաչափ: | Գիրք |
| Լեզու: | իսպաներեն |
| Հրապարակվել է: |
Madrid
Mundi-Prensa
1994
|
| Խորագրեր: | |
| Ցուցիչներ: |
Ավելացրեք ցուցիչ
Չկան պիտակներ, Եղեք առաջինը, ով նշում է այս գրառումը!
|
MARC
| LEADER | 00000nam a2200000 a 4500 | ||
|---|---|---|---|
| 001 | UCU7407 | ||
| 003 | CL-VaPUC | ||
| 008 | 960705e19940000SP |||||||||||||||||spa|d | ||
| 082 | 0 | 4 | |a 382 |b ROC |2 21 |
| 100 | 0 | |a Roca Aymar, José Luis |e author |9 366226 | |
| 245 | 1 | 3 | |a La ronda Uruguay sobre negociaciones comerciales multilaterales |
| 300 | |a 535 p | ||
| 942 | |c BK | ||
| 945 | |d 19960705 00:00:00 |a rbrito | ||
| 260 | |a Madrid |b Mundi-Prensa |c 1994 | ||
| 650 | 7 | |a COMERCIO INTERNACIONAL |2 CL-VaPUC |9 366227 | |
| 650 | 7 | |a CONVENIOS COMERCIALES |2 CL-VaPUC |9 343173 | |
| 650 | 0 | |a Negociación comercial |9 343174 | |
| 650 | 0 | |a Política comercial |9 259070 | |
| 650 | 0 | |a Comercio exterior |9 257617 | |
| 583 | |a last modification |c 19960705 00:00:00 |k Rodrigo Vera | ||
| 999 | |c 250061 |d 250059 | ||
| 952 | |0 0 |1 0 |4 0 |6 382_000000000000000_ROC_1994 |7 0 |8 P |9 267805 |a BIBDER |b BIBDER |d 2019-11-19 |i 3212025 |o 382 ROC 1994 |p 3212025 |r 2023-01-25 |w 2019-11-19 |y BK |k DER | ||